00543cam a22002051 4500001001300000003000400013005001700017008004100034010001700075025001900092035002000111040001800131042001200149050002100161100001900182245002200201260005000223300002200273651004200295sa 64001402 DLC20260227112002.0840418s1963 ii 000 0 eng  asa 64001402  aPL480:I-E-2406 a(OCoLC)10642198 aDLCcCLSdDLC apremarc00aJQ215 1963b.C451 aChaubal, B. M.10aIndian democracy. aKolhapur,bMaharashtra Granth Bhandarc[1963] a8, 157 p.c19 cm. 0aIndiaxPolitics and governmenty1947-